Our Lord's resurrection. (Record no. 7579)

000 -LEADER
fixed length control field 00578nam a2200181 a 4500
001 - CONTROL NUMBER
control field :::00005340$&:&@@
003 - CONTROL NUMBER IDENTIFIER
control field OkBaRHE
005 - DATE AND TIME OF LATEST TRANSACTION
control field 20000607103325.0
008 - FIXED-LENGTH DATA ELEMENTS--GENERAL INFORMATION
fixed length control field s1964 j 000 0 eng u
040 ## - CATALOGING SOURCE
Transcribing agency
100 1# - MAIN ENTRY--PERSONAL NAME
Personal name Simpson, W. J. Sparrow (William John), 1859-1952.
245 10 - TITLE STATEMENT
Title Our Lord's resurrection.
260 ## - PUBLICATION, DISTRIBUTION, ETC. (IMPRINT)
Place of publication, distribution, etc Grand Rapids, MI.,
Name of publisher, distributor, etc Zondervan Publishing House
Date of publication, distribution, etc 1964
300 ## - PHYSICAL DESCRIPTION
Extent 320 p. ;
Dimensions 23 cm.
650 ## - SUBJECT ADDED ENTRY--TOPICAL TERM
Topical term or geographic name as entry element Jesus Christ
General subdivision Resurrection
942 ## - ADDED ENTRY ELEMENTS (KOHA)
Source of classification or shelving scheme
Koha item type Books
Copies
Damaged status Price effective from Permanent Location Shelving location Lost status Current Location Not for loan Date acquired Date checked out Full call number Barcode Withdrawn status Copy number Total Checkouts Source of classification or shelving scheme Koha item type Date last seen
 2010-04-14RHEMA Bible Training CollegeGeneral Stacks RHEMA Bible Training College 2010-04-142015-10-12BT 480 .S55340 11 Books2015-10-12